000 00763nam a2200193 a 4500
003 0
005 20250513141005.0
008 970101s19uu xx 00 eng d
050 _aPHS TP 1180.S73
_b.C45 2004
100 _aChida, Jason Keitaro R.
245 _aThe Feasibility of using Cassava (Manihot esculenta) starch in making biodegradable plastics /
_cJason Keitaro R. Chida.
260 _aLas PiƱas City, Philippines :
_bSouthville International School and Colleges,
_c2004.
300 _a38 pages :
_bcolor illustrations ;
_c28 cm.
504 _aIncludes bibliographical references.
650 _aStarch
_xIndustrial applications.
650 _aBiodegradable plastics
_zPhilippines.
650 _aPlastic materials
_xBiodegradation.
942 _2lcc
_cPASS
999 _c97097
_d97097